Diagnóstico de oportunidades de exportación de hortalizas frescas

সংরক্ষণ করুন:
গ্রন্থ-পঞ্জীর বিবরন
সংস্থা লেখক: CORFO (Author)
বিন্যাস: গ্রন্থ
ভাষা:স্প্যানিশ
প্রকাশিত: Santiago CORFO 1987
বিষয়গুলি:
ট্যাগগুলো: ট্যাগ যুক্ত করুন
কোনো ট্যাগ নেই, প্রথমজন হিসাবে ট্যাগ করুন!

MARC

LEADER 00000nam a2200000 a 4500
001 UCQ1585
003 CL-VaPUC
008 980721e19870000CL |||||||||||||||||spa|d
082 0 4 |a 635  |b COR  |2 21 
110 2 |a CORFO  |e author  |9 415339 
245 1 0 |a Diagnóstico de oportunidades de exportación de hortalizas frescas 
300 |a 100 p 
942 |c BK 
945 |d 19980721 00:00:00  |a aarredon 
260 |a Santiago  |b CORFO  |c 1987 
650 0 |a Hortalizas  |9 259501 
650 0 |a Alcachofa  |9 264482 
650 7 |a TOMATE  |2 CL-VaPUC  |9 264158 
650 7 |a COLIFLOR  |2 CL-VaPUC  |9 405792 
650 7 |a EXPORTACIONES  |2 CL-VaPUC  |9 255382 
650 7 |a EVALUACION ECONOMICA  |2 CL-VaPUC  |9 306196 
650 7 |a LYCOPERSICON ESCULENTUM  |2 CL-VaPUC  |9 264426 
651 7 |a CHILE  |2 CL-VaPUC  |9 415340 
583 |a last modification  |c 19980721 00:00:00  |k Rodrigo Vera 
999 |c 272500  |d 272498